GEMS OF BUDDHIST WISDOM (Record no. 5094)
[ view plain ]
| 000 -LEADER | |
|---|---|
| fixed length control field | 00637nam a22001577a 4500 |
| 020 ## - INTERNATIONAL STANDARD BOOK NUMBER | |
| ISBN | 967-9920-04-6 |
| 082 ## - DEWEY DECIMAL CLASSIFICATION NUMBER | |
| Classification number | 200 |
| Item number | BUD/G |
| 100 ## - MAIN ENTRY--AUTHOR NAME | |
| Personal name | BUDDHIST MISSIONARY SOCIETY |
| 245 ## - TITLE STATEMENT | |
| Title | GEMS OF BUDDHIST WISDOM |
| 250 ## - EDITION STATEMENT | |
| Edition statement | SECOND EDITION |
| 260 ## - PUBLICATION, DISTRIBUTION, ETC. (IMPRINT) | |
| Place of publication | MALAYSIA |
| Name of publisher | BUDDHIST MISSIONARY SOCIETY |
| Year of publication | 1996 |
| 300 ## - PHYSICAL DESCRIPTION | |
| Number of Pages | 519 |
| 520 ## - SUMMARY, ETC. | |
| Summary, etc | A Dhamma text full of articles written in a simple and concise manner. Covers general views of buddhism, the buddha and his teachings, buddhism and life, buddhist approach to problems, buddhist practices. "synopsis" may belong to another edition of this title. |
| 650 ## - SUBJECT ADDED ENTRY--TOPICAL TERM | |
| Topical Term | RELIGIOUS |
| Geographic subdivision | MALAYSIA |
| 942 ## - ADDED ENTRY ELEMENTS (KOHA) | |
| Koha item type | Books |
| Withdrawn status | Lost status | Collection code | Home library | Current library | Shelving location | Date acquired | Source of acquisition | Full call number | Accession Number | Koha item type |
|---|---|---|---|---|---|---|---|---|---|---|
| Non-fiction | Main Library | Main Library | SHELF 15 C-RELIGIOUS | 14/07/2016 | purchase | 200 BUD/G | 04354 | Books | ||
| Non-fiction | Main Library | Main Library | SHELF 15 C-RELIGIOUS | 14/07/2016 | purchase | 200 BUD/G | 04355 | Books |